Top 10 Länder mit der niedrigsten Mordrate - Statistiken

Allgemein
  • Dieses Quiz wurde 323 mal gespielt
  • Das Durchschnittsergebnis liegt bei 7 aus 14
Antwortstatistiken
*Mord Hint Land % Korrekt
0.00 Europa Liechtenstein
87%
0.00 Europa Vatikan-Stadt
87%
0.00 Europa Andorra
86%
0.00 Europa San Marino
81%
0.00 Europa Monaco
79%
0.30 Europa Island
73%
0.32 Asien Singapur
57%
0.28 Asien Japan
49%
0.00 Ozeanien Nauru
41%
0.49 Asien Brunei
33%
0.38 Asien Katar
32%
0.48 Europa Slowenien
14%
0.50 Asien Indonesien
11%
0.37 Afrika Burkina Faso
0%
Keine übereinstimmenden Quizze gefunden
Verteilung der Resultate
Anzahl Personen mit jedem Resultat
Perzentil nach korrekt beantworteten Fragen
Ihre Resultats-Entwicklung
Sie haben dieses Quiz noch nicht gespielt